Universität Regensburg Jahresbericht 2001

Salvato in:
Dettagli Bibliografici
Natura: Libro
Lingua:tedesco
Pubblicazione: Regensburg Der Rektor der Universität Regensburg [2001]
Soggetti:
Tags: Aggiungi Tag
Nessun Tag, puoi essere il primo ad aggiungerne!!

MARC

LEADER 00000nam a2200000 4500
001 c136412
005 20240404070240.5
022 |a 1439-6068 
041 0 |a ger 
044 |a DE 
245 1 0 |a Universität Regensburg  |b Jahresbericht 2001 
264 1 |a Regensburg  |b Der Rektor der Universität Regensburg  |c [2001] 
300 |a 201 s. 
610 2 0 |a školy vysoké 
610 2 0 |a univerzity